000 00672nam a2200217 i 4500
001 149376
003 ES-MaACL
005 20230906203056.0
007 t|
008 071022s1982 sp ||||1| spa d
100 1 _aVarea, Luciano.
_9113125
245 1 3 _aLa pasajera y otros cuentos /
_cLuciano Varea.
260 _aZaragoza :
_b[Institución Fernando el Católico],
_c1982.
300 _a119 p. ;
_c17 cm.
490 1 _aNarraciones breves ;
_v5
710 2 _aInstitución "Fernando el Católico"
_94721
830 0 _aNarraciones breves ;
_v5
_9221081
852 _aES-MaACL
_jL-4006
_bR.104592
852 _aES-MaACL
_jL-4008
_bR.104675
999 _c149376
_d149376